000 00555nam a2200193 i 4500
001 bg
100 1 _aGEERING, Hans P.
245 0 _aMess-und Regelungtechnik :
_bmathematische Grundlagen, Entwurfsmethoden, Beispiele /
_cHans P. Geering.
250 _a2 neubearb. und erw. Aufl.
260 _aBerlin :
_bSpringer Verl.,
_c1990.
300 _a297 s. :
_brys., wykr. ;
_c24 cm.
020 _a3540530703
040 _cBPK
041 _apol
080 _a51:681.5
920 _a3-540-53070-3
942 _cKS
008 s pl f |000 0 pol
999 _c29569
_d29569
856 _uhttp://koha.tu.koszalin.pl/cgi-bin/koha/opac-detail.pl?biblionumber=29569
_yKatalog online BPK